[Event "2do ITT 54 Aniversario Villa Martelli"]
[Site "Villa Martelli, Bs As"]
[Date "2008.07.17"]
[Round "1"]
[White "Filgueira, Hernan"]
[Black "Molina, Roberto Junio Brito"]
[Result "1/2-1/2"]
[WhiteElo "2330"]
[BlackElo "2402"]
[PlyCount "37"]
[EventDate "2008.07.17"]
[SourceDate "2008.07.22"]

1. d4 d5 2. Bg5 c6 3. e3 Qb6 4. Qc1 Bf5 5. Nf3 h6 6. Bf4 e6 7. Be2 Nf6 8. h3
Be7 9. O-O O-O 10. c4 dxc4 11. Bxc4 Nbd7 12. Nc3 Rac8 13. Rd1 a5 14. Nd2 Bh7
15. Bf1 Qa7 16. a3 Rfd8 17. Nc4 Nb6 18. Nxb6 Qxb6 19. Bg3 1/2-1/2

[Event "2do ITT 54 Aniversario Villa Martelli"]
[Site "Villa Martelli, Bs As"]
[Date "2008.07.17"]
[Round "1"]
[White "Arns, Arthur Bartman"]
[Black "Perdomo, Carlos Andres"]
[Result "0-1"]
[WhiteElo "2204"]
[BlackElo "2349"]
[PlyCount "74"]
[EventDate "2008.07.17"]
[SourceDate "2008.07.22"]

1. e4 c5 2. Nf3 e6 3. d4 cxd4 4. Nxd4 a6 5. Bd3 Qb6 6. Nb3 Nc6 7. Nc3 Nf6 8.
Qe2 d6 9. O-O Be7 10. Kh1 O-O 11. Be3 Qc7 12. f4 Nb4 13. Rae1 b5 14. Nd4 Bb7
15. a3 Nxd3 16. cxd3 Rac8 17. Rc1 Qb8 18. Na2 Nd7 19. f5 e5 20. f6 Bxf6 21. Nf5
Rxc1 22. Bxc1 Nc5 23. Nc3 Qd8 24. Be3 Ne6 25. Qg4 d5 26. exd5 Bxd5 27. Ne4 Kh8
28. h4 Bc6 29. Nc5 Re8 30. Re1 Nxc5 31. Bxc5 Qc8 32. Rf1 Bxg2+ 33. Qxg2 Qxc5
34. Qb7 Kg8 35. Qxa6 Qd5+ 36. Kg1 Qxd3 37. a4 e4 0-1

[Event "2do ITT 54 Aniversario Villa Martelli"]
[Site "Villa Martelli, Bs As"]
[Date "2008.07.17"]
[Round "1"]
[White "Real de Azua, Ernesto"]
[Black "Perez Ponsa, Federico"]
[Result "1/2-1/2"]
[WhiteElo "2429"]
[BlackElo "2326"]
[PlyCount "45"]
[EventDate "2008.07.17"]
[SourceDate "2008.07.22"]

1. e4 c5 2. Nf3 d6 3. d4 cxd4 4. Nxd4 Nf6 5. Nc3 a6 6. Be2 e5 7. Nb3 Be7 8. Be3
Be6 9. Nd5 Nbd7 10. Qd3 Bxd5 11. exd5 Nc5 12. Nxc5 dxc5 13. O-O-O Bd6 14. g4 b5
15. g5 c4 16. Qf5 Nd7 17. h4 g6 18. Qh3 c3 19. b3 Qa5 20. Kb1 O-O-O 21. h5 Rhe8
22. Bg4 Kc7 23. Rd3 1/2-1/2

[Event "2do ITT 54 Aniversario Villa Martelli"]
[Site "Villa Martelli, Bs As"]
[Date "2008.07.17"]
[Round "1"]
[White "Ibar, Marcelo"]
[Black "Pacheco, Marco"]
[Result "1/2-1/2"]
[WhiteElo "2293"]
[BlackElo "2405"]
[PlyCount "115"]
[EventDate "2008.07.17"]
[SourceDate "2008.07.22"]

1. e4 c5 2. Nf3 a6 3. c3 d5 4. exd5 Qxd5 5. d4 Nf6 6. Be2 e6 7. Na3 Qd8 8. Nc2
Nbd7 9. O-O b6 10. Ne5 Bb7 11. Bf3 Qc8 12. Bxb7 Qxb7 13. Nxd7 Qxd7 14. Qf3 Rc8
15. dxc5 Bxc5 16. Rd1 Qc6 17. Qxc6+ Rxc6 18. Be3 Bxe3 19. Nxe3 Ke7 20. Rd3 Rd8
21. Rad1 Rxd3 22. Rxd3 Nd7 23. Kf1 b5 24. Rd4 Nb6 25. Ke2 a5 26. Kd3 Na4 27.
Nd1 f5 28. f3 Nb6 29. b3 g6 30. f4 h6 31. Ne3 Nd7 32. b4 Ra6 33. Nc2 axb4 34.
Rxb4 Nc5+ 35. Kd2 Ne4+ 36. Kd3 Rxa2 37. Rxb5 Nf2+ 38. Kd2 Ng4 39. h4 Ne3 40.
Rb7+ Kf6 41. Kxe3 Rxc2 42. g3 Rxc3+ 43. Kf2 g5 44. fxg5+ hxg5 45. h5 Rc2+ 46.
Kg1 f4 47. gxf4 gxf4 48. h6 Rc5 49. Kf2 Rh5 50. Kf3 e5 51. h7 Kf5 52. Rf7+ Kg6
53. Re7 Kf6 54. Ra7 Rh1 55. Ke4 Rh5 56. Rb7 Kg6 57. Re7 Rxh7 58. Rxe5 1/2-1/2

[Event "2do ITT 54 Aniversario Villa Martelli"]
[Site "Villa Martelli, Bs As"]
[Date "2008.07.17"]
[Round "1"]
[White "Mareco, Sandro"]
[Black "Gonzalez, Bolivar Ribeiro"]
[Result "1-0"]
[WhiteElo "2477"]
[BlackElo "2265"]
[PlyCount "77"]
[EventDate "2008.07.17"]
[SourceDate "2008.07.22"]

1. e4 c5 2. Nf3 d6 3. d4 cxd4 4. Nxd4 Nf6 5. Nc3 a6 6. Be2 e5 7. Nf3 Be7 8. O-O
O-O 9. a4 Nc6 10. Re1 h6 11. Bc4 Be6 12. Nd5 Rc8 13. c3 Nd4 14. cxd4 Rxc4 15.
b3 Rc8 16. Nxe7+ Qxe7 17. dxe5 dxe5 18. Ba3 Qd8 19. Bxf8 Qxf8 20. Nxe5 Qb4 21.
Nd3 Qd4 22. Nf4 Qe5 23. Nxe6 Qxe6 24. Qd3 Qe5 25. Rac1 Re8 26. f3 g6 27. Qe3
Nd5 28. Qc5 Nf4 29. Qxe5 Rxe5 30. Rc7 b5 31. Rd1 bxa4 32. bxa4 Re6 33. Rd8+ Kg7
34. Rdd7 Rf6 35. e5 Rf5 36. g4 Ne2+ 37. Kf2 Rxe5 38. Rxf7+ Kg8 39. Rg7+ 1-0

[Event "2do ITT 54 Aniversario Villa Martelli"]
[Site "Villa Martelli, Bs As"]
[Date "2008.07.18"]
[Round "2"]
[White "Pacheco, Marco"]
[Black "Mareco, Sandro"]
[Result "1/2-1/2"]
[WhiteElo "2405"]
[BlackElo "2477"]
[PlyCount "32"]
[EventDate "2008.07.17"]
[SourceDate "2008.07.22"]

1. d4 Nf6 2. Nf3 e6 3. c4 b6 4. g3 Ba6 5. b3 b5 6. cxb5 Bxb5 7. Bg2 Bb4+ 8. Bd2
a5 9. O-O Bc6 10. Nc3 Qc8 11. Qc2 Qb7 12. Na4 Na6 13. Ne1 Bxg2 14. Nxg2 O-O 15.
Nf4 Rfc8 16. Bxb4 Nxb4 1/2-1/2

[Event "2do ITT 54 Aniversario Villa Martelli"]
[Site "Villa Martelli, Bs As"]
[Date "2008.07.18"]
[Round "2"]
[White "Perez Ponsa, Federico"]
[Black "Ibar, Marcelo"]
[Result "1-0"]
[WhiteElo "2326"]
[BlackElo "2293"]
[PlyCount "73"]
[EventDate "2008.07.17"]
[SourceDate "2008.07.22"]

1. e4 c5 2. Nf3 d6 3. d4 cxd4 4. Nxd4 Nf6 5. Nc3 g6 6. Be3 Bg7 7. f3 Nc6 8. Qd2
O-O 9. Bc4 Ne5 10. Bb3 Bd7 11. O-O-O Qa5 12. h4 Rfc8 13. Kb1 Nc4 14. Bxc4 Rxc4
15. Nb3 Qc7 16. g4 Rc8 17. e5 Rxc3 18. bxc3 Ne8 19. h5 Qxc3 20. hxg6 hxg6 21.
Bd4 Qxd2 22. Rxd2 dxe5 23. Bxe5 Bc6 24. Bxg7 Kxg7 25. Nd4 Nf6 26. Re1 e6 27. c4
b6 28. Kb2 Bb7 29. g5 Nh7 30. Nxe6+ Kg8 31. Nd8 Bxf3 32. Re8+ Nf8 33. Re7 Rxc4
34. Nxf7 Rf4 35. Ne5 Bh5 36. Nd7 Nh7 37. Nf6+ 1-0

[Event "2do ITT 54 Aniversario Villa Martelli"]
[Site "Villa Martelli, Bs As"]
[Date "2008.07.18"]
[Round "2"]
[White "Perdomo, Carlos Andres"]
[Black "Real de Azua, Ernesto"]
[Result "1-0"]
[WhiteElo "2349"]
[BlackElo "2429"]
[PlyCount "69"]
[EventDate "2008.07.17"]
[SourceDate "2008.07.22"]

1. Nf3 Nf6 2. c4 c6 3. e3 d5 4. b3 g6 5. Bb2 Bg7 6. Be2 O-O 7. O-O Bg4 8. h3
Bxf3 9. Bxf3 e6 10. d3 Re8 11. Qc2 Na6 12. a3 Nc7 13. d4 dxc4 14. bxc4 e5 15.
Rd1 exd4 16. exd4 Ne6 17. g3 Qb6 18. a4 Rad8 19. a5 Qc7 20. Ra3 h5 21. h4 Ng4
22. d5 cxd5 23. Bxd5 Bxb2 24. Qxb2 Nc5 25. Nc3 Qe5 26. Qc2 Kg7 27. Nb5 Ne4 28.
Re1 f5 29. a6 bxa6 30. Rxa6 Ngf6 31. Rxa7+ Kh8 32. Qc1 f4 33. f3 Nxd5 34. cxd5
Qxd5 35. Qc7 1-0

[Event "2do ITT 54 Aniversario Villa Martelli"]
[Site "Villa Martelli, Bs As"]
[Date "2008.07.18"]
[Round "2"]
[White "Molina, Roberto Junio Brito"]
[Black "Arns, Arthur Bartman"]
[Result "1-0"]
[WhiteElo "2402"]
[BlackElo "2204"]
[PlyCount "59"]
[EventDate "2008.07.17"]
[SourceDate "2008.07.22"]

1. d4 Nf6 2. c4 g6 3. Nf3 Bg7 4. g3 c5 5. d5 b5 6. cxb5 a6 7. bxa6 O-O 8. Bg2
d6 9. Nc3 Bxa6 10. Rb1 Bc8 11. Nh4 Ng4 12. O-O Nd7 13. Qc2 Qa5 14. Bd2 Nde5 15.
b3 Nh6 16. a4 Qa6 17. Nb5 Rb8 18. f4 Nd7 19. Bc3 Nf6 20. e4 Bd7 21. h3 Bxb5 22.
axb5 Qxb5 23. g4 Nhxg4 24. hxg4 Nxg4 25. Bxg7 Kxg7 26. Bf3 Nf6 27. Be2 Qd7 28.
Ng2 Ng4 29. Bc4 h5 30. Rbe1 1-0

[Event "2do ITT 54 Aniversario Villa Martelli"]
[Site "Villa Martelli, Bs As"]
[Date "2008.07.18"]
[Round "2"]
[White "Borges da Silva, Rodrigo"]
[Black "Filgueira, Hernan"]
[Result "0-1"]
[WhiteElo "2278"]
[BlackElo "2330"]
[PlyCount "60"]
[EventDate "2008.07.17"]
[SourceDate "2008.07.22"]

1. e4 c5 2. Nf3 e6 3. d4 cxd4 4. Nxd4 a6 5. Nc3 Qc7 6. Be3 Bb4 7. Qd2 Nf6 8. f3
d5 9. Nde2 dxe4 10. a3 Be7 11. Nxe4 Nxe4 12. fxe4 O-O 13. Nc3 Nd7 14. Bd3 Ne5
15. Qe2 b5 16. O-O Bb7 17. Kh1 Rad8 18. Bg1 Bc5 19. Bxc5 Qxc5 20. Rae1 Rd7 21.
Qe3 Qxe3 22. Rxe3 Rfd8 23. Be2 Rd2 24. Rc1 g5 25. Kg1 Kg7 26. Kf1 g4 27. Ke1
R2d4 28. Rd1 h5 29. Bd3 Ng6 30. Ne2 R4d7 {Ilegible} 0-1

[Event "2do ITT 54 Aniversario Villa Martelli"]
[Site "Villa Martelli, Bs As"]
[Date "2008.07.19"]
[Round "3"]
[White "Arns, Arthur Bartman"]
[Black "Borges da Silva, Rodrigo"]
[Result "1/2-1/2"]
[WhiteElo "2204"]
[BlackElo "2278"]
[PlyCount "61"]
[EventDate "2008.07.17"]
[SourceDate "2008.07.22"]

1. c4 Nf6 2. Nf3 c5 3. Nc3 e6 4. d4 cxd4 5. Nxd4 a6 6. g3 Qc7 7. Qd3 Nc6 8.
Nxc6 dxc6 9. Bg2 e5 10. O-O Be6 11. b3 Rd8 12. Qc2 Be7 13. Bb2 O-O 14. Rad1 Nd7
15. Qc1 Nb6 16. Ba3 f6 17. Ne4 Rxd1 18. Rxd1 Bxa3 19. Qxa3 Rd8 20. Rxd8+ Qxd8
21. Qd6 Qd7 22. Qb8+ Nc8 23. h3 b6 24. c5 b5 25. Nd6 Qa7 26. Qb7 Qxb7 27. Nxb7
Bd7 28. Na5 Ne7 29. h4 Kf7 30. Kf1 Ke8 31. e4 1/2-1/2

[Event "2do ITT 54 Aniversario Villa Martelli"]
[Site "Villa Martelli, Bs As"]
[Date "2008.07.19"]
[Round "3"]
[White "Real de Azua, Ernesto"]
[Black "Molina, Roberto Junio Brito"]
[Result "0-1"]
[WhiteElo "2429"]
[BlackElo "2402"]
[PlyCount "84"]
[EventDate "2008.07.17"]
[SourceDate "2008.07.22"]

1. e4 c6 2. d4 d5 3. e5 Bf5 4. Nf3 e6 5. Be2 Ne7 6. O-O c5 7. dxc5 Nec6 8. Be3
Nd7 9. c4 dxc4 10. Na3 Bxc5 11. Bxc5 Nxc5 12. Nxc4 O-O 13. Qc1 Nd3 14. Qe3 Ndb4
15. Rad1 Qe7 16. Nd6 Nxa2 17. Nd4 Nxd4 18. Rxd4 a5 19. Rfd1 Bg6 20. Bf3 Nb4 21.
Rc4 Rad8 22. h4 f6 23. h5 Bc2 24. Rdd4 Ba4 25. exf6 Qxf6 26. Ne4 Qe7 27. Rxd8
Rxd8 28. Ng5 Bc6 29. Bg4 Bd5 30. Bxe6+ Bxe6 31. Nxe6 Nd5 32. Qe5 Re8 33. h6 Nf6
34. Qg5 Nh5 35. Qxe7 Rxe7 36. Rc8+ Kf7 37. hxg7 Nxg7 38. Nd8+ Kf6 39. Rb8 Re8
40. g4 Ne6 41. Nc6 Rxb8 42. Nxb8 Ke7 0-1

[Event "2do ITT 54 Aniversario Villa Martelli"]
[Site "Villa Martelli, Bs As"]
[Date "2008.07.19"]
[Round "3"]
[White "Ibar, Marcelo"]
[Black "Perdomo, Carlos Andres"]
[Result "0-1"]
[WhiteElo "2293"]
[BlackElo "2349"]
[PlyCount "64"]
[EventDate "2008.07.17"]
[SourceDate "2008.07.22"]

1. d4 d5 2. Nf3 e6 3. c4 Nf6 4. Nc3 Nbd7 5. Bg5 Be7 6. e3 dxc4 7. Bxc4 O-O 8.
O-O a6 9. a4 c5 10. Qe2 cxd4 11. Nxd4 Qa5 12. Bh4 Ne5 13. Ba2 Ng6 14. Bg3 Nh5
15. Rfd1 Nxg3 16. hxg3 Bb4 17. Nb3 Qe5 18. Rac1 b6 19. f4 Qb8 20. Qc4 Be7 21.
Nd4 Bb7 22. Nc6 Bxc6 23. Qxc6 Rc8 24. Qe4 Bf6 25. Rd7 Nf8 26. Rb7 Qd6 27. Rd1
Qc5 28. Rd3 Rd8 29. Bb1 Rac8 30. Rxd8 Rxd8 31. Bd3 Bxc3 32. bxc3 f5 0-1

[Event "2do ITT 54 Aniversario Villa Martelli"]
[Site "Villa Martelli, Bs As"]
[Date "2008.07.19"]
[Round "3"]
[White "Mareco, Sandro"]
[Black "Perez Ponsa, Federico"]
[Result "1/2-1/2"]
[WhiteElo "2477"]
[BlackElo "2326"]
[PlyCount "43"]
[EventDate "2008.07.17"]
[SourceDate "2008.07.22"]

1. e4 c5 2. Nf3 d6 3. d4 cxd4 4. Nxd4 Nf6 5. Nc3 a6 6. Be2 e5 7. Nb3 Be7 8. Bg5
Be6 9. Bxf6 Bxf6 10. Qd3 Bg5 11. Rd1 Nc6 12. a3 Rc8 13. O-O O-O 14. Kh1 Nd4 15.
Nxd4 Bc4 16. Qg3 exd4 17. Rxd4 Bxe2 18. Nxe2 Bf6 19. Rxd6 Qe7 20. Qd3 Rfd8 21.
Rd5 Bxb2 22. a4 1/2-1/2

[Event "2do ITT 54 Aniversario Villa Martelli"]
[Site "Villa Martelli, Bs As"]
[Date "2008.07.19"]
[Round "3"]
[White "Gonzalez, Bolivar Ribeiro"]
[Black "Pacheco, Marco"]
[Result "1/2-1/2"]
[WhiteElo "2265"]
[BlackElo "2405"]
[PlyCount "48"]
[EventDate "2008.07.17"]
[SourceDate "2008.07.22"]

1. e4 c5 2. Nf3 a6 3. c4 d6 4. d4 Bg4 5. d5 e5 6. h3 Bxf3 7. Qxf3 Nd7 8. Nc3 g6
9. Bd3 Bh6 10. Be3 Qf6 11. Qe2 Bxe3 12. Qxe3 Qf4 13. Qe2 Ngf6 14. g3 Qh6 15.
Nd1 Qf8 16. O-O Qe7 17. Ne3 O-O 18. b3 Ne8 19. f3 Rb8 20. Kh2 Nc7 21. a4 Ne8
22. Rf2 Nef6 23. Rg1 Rfe8 24. Qd2 Qf8 1/2-1/2

[Event "2do ITT 54 Aniversario Villa Martelli"]
[Site "Villa Martelli, Bs As"]
[Date "2008.07.19"]
[Round "4"]
[White "Perez Ponsa, Federico"]
[Black "Gonzalez, Bolivar Ribeiro"]
[Result "1/2-1/2"]
[WhiteElo "2326"]
[BlackElo "2265"]
[PlyCount "49"]
[EventDate "2008.07.17"]
[SourceDate "2008.07.22"]

1. e4 c5 2. Nf3 e6 3. d4 cxd4 4. Nxd4 Nf6 5. Nc3 Nc6 6. Ndb5 d6 7. Bf4 e5 8.
Bg5 a6 9. Na3 b5 10. Bxf6 gxf6 11. Nd5 Bg7 12. Bd3 Ne7 13. Nxe7 Qxe7 14. O-O
O-O 15. Qf3 Rb8 16. c3 f5 17. exf5 d5 18. Nc2 e4 19. f6 Qxf6 20. Qxf6 Bxf6 21.
Be2 Be6 22. a3 a5 23. Rad1 Bg7 24. f4 f5 25. Nd4 1/2-1/2

[Event "2do ITT 54 Aniversario Villa Martelli"]
[Site "Villa Martelli, Bs As"]
[Date "2008.07.19"]
[Round "4"]
[White "Perdomo, Carlos Andres"]
[Black "Mareco, Sandro"]
[Result "0-1"]
[WhiteElo "2349"]
[BlackElo "2477"]
[PlyCount "47"]
[EventDate "2008.07.17"]
[SourceDate "2008.07.22"]

1. Nf3 Nf6 2. c4 e6 3. Nc3 Bb4 4. Qc2 O-O 5. a3 Bxc3 6. Qxc3 b6 7. b4 Bb7 8.
Bb2 d6 9. e3 Nbd7 10. Be2 Qe7 11. O-O c5 12. bxc5 bxc5 13. Rab1 e5 14. d3 Nb6
15. Ba1 Ng4 16. Nd2 f5 17. Bxg4 fxg4 18. d4 e4 19. Rb5 Rf5 20. d5 Rf7 21. Qc2
Re8 22. a4 Ba8 23. a5 Nd7 24. Bc3 {Ilegible} 0-1

[Event "2do ITT 54 Aniversario Villa Martelli"]
[Site "Villa Martelli, Bs As"]
[Date "2008.07.19"]
[Round "4"]
[White "Molina, Roberto Junio Brito"]
[Black "Ibar, Marcelo"]
[Result "1-0"]
[WhiteElo "2402"]
[BlackElo "2293"]
[PlyCount "137"]
[EventDate "2008.07.17"]
[SourceDate "2008.07.22"]

1. d4 Nf6 2. c4 e6 3. Nf3 d5 4. g3 c5 5. cxd5 exd5 6. Bg2 Nc6 7. O-O Be7 8. Nc3
O-O 9. dxc5 Bxc5 10. Bg5 d4 11. Bxf6 Qxf6 12. Ne4 Qe7 13. Nxc5 Qxc5 14. Qd2 Bg4
15. Rac1 Qh5 16. b4 Rad8 17. Rc5 Rd5 18. Rfc1 Rfd8 19. Nh4 Rxc5 20. Rxc5 Qh6
21. Qxh6 gxh6 22. Bxc6 bxc6 23. Kf1 d3 24. exd3 Rxd3 25. Rxc6 Ra3 26. Rc2 Be6
27. Rd2 Kg7 28. Ng2 Bxa2 29. Ne3 Be6 30. Rd4 a5 31. bxa5 Rxa5 32. Kg2 Ra2 33.
Kf3 Bc8 34. Rb4 Bd7 35. Rc4 Be6 36. Rc5 Ra3 37. g4 Kg6 38. Kf4 Ra4+ 39. Kg3 h5
40. gxh5+ Kh6 41. h3 Ra3 42. Kh4 Ra4+ 43. Ng4+ Kg7 44. h6+ Kf8 45. Kg5 Ba2 46.
f4 Ra3 47. h4 Ke7 48. Re5+ Kd6 49. Kf6 Ra4 50. Kg5 Bb1 51. Nf6 Ra2 52. Ne8+ Kd7
53. f5 Rg2+ 54. Kf6 Rg8 55. Re7+ Kc6 56. Ng7 Ba2 57. Re8 Rxe8 58. Nxe8 Kd7 59.
Ng7 Kd8 60. Nh5 Ke8 61. Ke5 Kf8 62. Nf6 Bb1 63. Nxh7+ Kg8 64. Ng5 Ba2 65. Kf6
Bb3 66. Ke7 Bc2 67. f6 Bg6 68. Nxf7 Bxf7 69. h7+ 1-0

[Event "2do ITT 54 Aniversario Villa Martelli"]
[Site "Villa Martelli, Bs As"]
[Date "2008.07.19"]
[Round "4"]
[White "Borges da Silva, Rodrigo"]
[Black "Real de Azua, Ernesto"]
[Result "1/2-1/2"]
[WhiteElo "2278"]
[BlackElo "2429"]
[PlyCount "47"]
[EventDate "2008.07.17"]
[SourceDate "2008.07.22"]

1. e4 c5 2. Nf3 d6 3. d4 cxd4 4. Nxd4 Nf6 5. Nc3 a6 6. Be3 Ng4 7. Bc1 Nf6 8.
Be3 e6 9. a4 Nc6 10. Be2 Be7 11. O-O O-O 12. Kh1 Qc7 13. f4 Re8 14. Bf3 Bd7 15.
Nb3 b6 16. Qd2 Rab8 17. g4 Bc8 18. g5 Nd7 19. Qf2 Bf8 20. Bg2 Nb4 21. Nd4 Nc5
22. f5 g6 23. f6 Bb7 24. Rad1 1/2-1/2

[Event "2do ITT 54 Aniversario Villa Martelli"]
[Site "Villa Martelli, Bs As"]
[Date "2008.07.19"]
[Round "4"]
[White "Filgueira, Hernan"]
[Black "Arns, Arthur Bartman"]
[Result "1/2-1/2"]
[WhiteElo "2330"]
[BlackElo "2204"]
[PlyCount "71"]
[EventDate "2008.07.17"]
[SourceDate "2008.07.22"]

1. d4 g6 2. Bg5 c5 3. c3 Qb6 4. Bc1 cxd4 5. cxd4 Bg7 6. Nf3 Nc6 7. e3 d5 8. Nc3
Nf6 9. Be2 O-O 10. O-O Bg4 11. a3 Rad8 12. b4 Bxf3 13. Bxf3 e5 14. Bb2 exd4 15.
Na4 Qc7 16. exd4 Ne4 17. Rc1 Qf4 18. g3 Qf6 19. Bg2 Nxd4 20. Qd3 Qa6 21. Qxa6
bxa6 22. Bxd4 Bxd4 23. Bxe4 dxe4 24. Rfe1 f5 25. Rc2 a5 26. bxa5 Rd5 27. Rc4
Rfd8 28. Kg2 Rxa5 29. f3 exf3+ 30. Kxf3 Bf6 31. Re3 Rd4 32. Rc8+ Rd8 33. Rc4
Be5 34. Nc5 Rd4 35. Rc2 Rd5 36. Ne6 1/2-1/2

[Event "2do ITT 54 Aniversario Villa Martelli"]
[Site "Villa Martelli, Bs As"]
[Date "2008.07.20"]
[Round "5"]
[White "Real de Azua, Ernesto"]
[Black "Filgueira, Hernan"]
[Result "1-0"]
[WhiteElo "2429"]
[BlackElo "2330"]
[PlyCount "71"]
[EventDate "2008.07.17"]
[SourceDate "2008.07.22"]

1. e4 c5 2. Nf3 Nc6 3. Nc3 g6 4. d4 cxd4 5. Nxd4 Bg7 6. Nde2 b6 7. g3 Bb7 8.
Bg2 d6 9. O-O Nf6 10. h3 O-O 11. Bg5 h6 12. Be3 Na5 13. b3 Kh7 14. Qd2 Rc8 15.
Rac1 e6 16. Rfd1 Rc7 17. e5 Ne8 18. Nb5 Rd7 19. Bxb7 Rxb7 20. exd6 Rd7 21. Qb4
Nc6 22. Qe4 Qc8 23. c4 Nf6 24. Qg2 Qb7 25. Nec3 Rb8 26. c5 bxc5 27. Bxc5 Ne8
28. Na3 Qa6 29. Nc4 Ne5 30. Qe4 Nc6 31. Na4 e5 32. Be3 f5 33. Nc5 Qb5 34. Qg2
e4 35. Nxd7 Rd8 36. Nc5 1-0

[Event "2do ITT 54 Aniversario Villa Martelli"]
[Site "Villa Martelli, Bs As"]
[Date "2008.07.20"]
[Round "5"]
[White "Ibar, Marcelo"]
[Black "Borges da Silva, Rodrigo"]
[Result "1-0"]
[WhiteElo "2293"]
[BlackElo "2278"]
[PlyCount "105"]
[EventDate "2008.07.17"]
[SourceDate "2008.07.22"]

1. d4 Nf6 2. Nf3 g6 3. g3 Bg7 4. Bg2 O-O 5. c4 d6 6. O-O Nc6 7. d5 Na5 8. Nfd2
Rb8 9. a3 a6 10. b4 Nxc4 11. Nxc4 Nxd5 12. Ra2 Nf6 13. Rd2 Be6 14. Qc2 Qc8 15.
Bb2 c5 16. bxc5 Qxc5 17. Ne3 Rfc8 18. Qxc5 Rxc5 19. Bd4 Rb5 20. Rb2 Rxb2 21.
Bxb2 b5 22. Bc3 Ng4 23. Nxg4 Bxc3 24. Nh6+ Kg7 25. Nxc3 Kxh6 26. Rb1 Bc4 27.
Bd5 Bxd5 28. Nxd5 e6 29. Nc3 Rc8 30. Rb3 d5 31. e3 Kg5 32. h3 Kf6 33. Kf1 h5
34. Ke2 Ke5 35. Kd3 Rc4 36. Rb4 Rc7 37. a4 bxa4 38. Rxa4 Rc6 39. Ra5 f5 40. f4+
Kd6 41. Na2 Rb6 42. Kc3 e5 43. Nb4 d4+ 44. exd4 exd4+ 45. Kc4 d3 46. Rd5+ Ke6
47. Nxd3 Kf6 48. Ne5 Kg7 49. Rd7+ Kg8 50. Rc7 Rf6 51. Rc6 Rxc6+ 52. Nxc6 Kg7
53. h4 1-0

[Event "2do ITT 54 Aniversario Villa Martelli"]
[Site "Villa Martelli, Bs As"]
[Date "2008.07.20"]
[Round "5"]
[White "Mareco, Sandro"]
[Black "Molina, Roberto Junio Brito"]
[Result "1/2-1/2"]
[WhiteElo "2477"]
[BlackElo "2402"]
[PlyCount "39"]
[EventDate "2008.07.17"]
[SourceDate "2008.07.22"]

1. Nf3 d5 2. d4 e6 3. c4 Be7 4. Nc3 Nf6 5. Bg5 h6 6. Bh4 O-O 7. e3 Ne4 8. Bxe7
Qxe7 9. Qc2 Nxc3 10. Qxc3 Rd8 11. Rc1 c6 12. Bd3 Nd7 13. O-O Nf6 14. b4 dxc4
15. Qxc4 Bd7 16. Ne5 Be8 17. Rb1 Nd7 18. Nxd7 Rxd7 19. Rfd1 e5 20. Bf5 1/2-1/2

[Event "2do ITT 54 Aniversario Villa Martelli"]
[Site "Villa Martelli, Bs As"]
[Date "2008.07.20"]
[Round "5"]
[White "Gonzalez, Bolivar Ribeiro"]
[Black "Perdomo, Carlos Andres"]
[Result "1-0"]
[WhiteElo "2265"]
[BlackElo "2349"]
[PlyCount "75"]
[EventDate "2008.07.17"]
[SourceDate "2008.07.22"]

1. e4 c5 2. Nf3 e6 3. d4 cxd4 4. Nxd4 Nc6 5. Nb5 d6 6. Bf4 e5 7. Be3 Nf6 8. Bg5
Be6 9. N1c3 a6 10. Bxf6 gxf6 11. Na3 b5 12. Nd5 Rc8 13. c3 Bg7 14. Nc2 f5 15.
exf5 Bxf5 16. Nce3 Be6 17. a4 O-O 18. axb5 axb5 19. Bxb5 f5 20. Ra6 Nd4 21.
cxd4 f4 22. dxe5 fxe3 23. Nxe3 Bxe5 24. O-O Qh4 25. g3 Qb4 26. Bd3 Rf7 27. Ra4
Qxb2 28. Qh5 Qb3 29. Bc4 Rxc4 30. Rxc4 Kh8 31. Re4 Qc3 32. f4 Bd4 33. Rxe6
Bxe3+ 34. Kg2 Qc6+ 35. Rf3 Qc2+ 36. Kh3 Rf5 37. Re8+ Kg7 38. Re7+ 1-0

[Event "2do ITT 54 Aniversario Villa Martelli"]
[Site "Villa Martelli, Bs As"]
[Date "2008.07.20"]
[Round "6"]
[White "Perdomo, Carlos Andres"]
[Black "Pacheco, Marco"]
[Result "1-0"]
[WhiteElo "2349"]
[BlackElo "2405"]
[PlyCount "45"]
[EventDate "2008.07.17"]
[SourceDate "2008.07.22"]

1. c4 e5 2. Nc3 Nf6 3. Nf3 Nc6 4. e3 Bb4 5. Qc2 O-O 6. a3 Bxc3 7. Qxc3 d6 8. b4
Bg4 9. h3 Bxf3 10. gxf3 a5 11. b5 Ne7 12. d4 Nd7 13. Bb2 Re8 14. dxe5 dxe5 15.
f4 f6 16. O-O-O Ng6 17. fxe5 fxe5 18. Bg2 Ra7 19. h4 Ngf8 20. c5 Qe7 21. c6
bxc6 22. Bxc6 Rb8 23. Rd5 1-0

[Event "2do ITT 54 Aniversario Villa Martelli"]
[Site "Villa Martelli, Bs As"]
[Date "2008.07.20"]
[Round "6"]
[White "Molina, Roberto Junio Brito"]
[Black "Gonzalez, Bolivar Ribeiro"]
[Result "1/2-1/2"]
[WhiteElo "2402"]
[BlackElo "2265"]
[PlyCount "27"]
[EventDate "2008.07.17"]
[SourceDate "2008.07.22"]

1. e4 c6 2. d4 d5 3. Nc3 dxe4 4. Nxe4 Bf5 5. Ng3 Bg6 6. h4 h6 7. Nf3 Nd7 8. h5
Bh7 9. Bd3 Bxd3 10. Qxd3 Ngf6 11. Bf4 e6 12. O-O-O Be7 13. Kb1 O-O 14. Ne4
1/2-1/2

[Event "2do ITT 54 Aniversario Villa Martelli"]
[Site "Villa Martelli, Bs As"]
[Date "2008.07.20"]
[Round "6"]
[White "Borges da Silva, Rodrigo"]
[Black "Mareco, Sandro"]
[Result "0-1"]
[WhiteElo "2278"]
[BlackElo "2477"]
[PlyCount "64"]
[EventDate "2008.07.17"]
[SourceDate "2008.07.22"]

1. e4 e5 2. Nf3 Nc6 3. Bb5 a6 4. Ba4 Nf6 5. O-O b5 6. Bb3 Bc5 7. c3 d6 8. d4
Bb6 9. a4 Rb8 10. axb5 axb5 11. Na3 O-O 12. Nxb5 Bg4 13. h3 Bxf3 14. gxf3 Nh5
15. f4 Nxf4 16. Bxf4 exf4 17. Qf3 Qg5+ 18. Kh1 Qxb5 19. Ba4 Nxd4 20. cxd4 Qxb2
21. d5 Ra8 22. Rab1 Qe5 23. Bc6 Ra2 24. Rbe1 Bc5 25. Re2 Ra3 26. Qg4 g6 27. f3
Rb8 28. h4 Ra1 29. Qg2 Rbb1 30. Rxb1 Rxb1+ 31. Kh2 Rg1 32. Qh3 Qa1 0-1

[Event "2do ITT 54 Aniversario Villa Martelli"]
[Site "Villa Martelli, Bs As"]
[Date "2008.07.20"]
[Round "6"]
[White "Filgueira, Hernan"]
[Black "Ibar, Marcelo"]
[Result "1/2-1/2"]
[WhiteElo "2330"]
[BlackElo "2293"]
[PlyCount "25"]
[EventDate "2008.07.17"]
[SourceDate "2008.07.22"]

1. c4 c5 2. g3 g6 3. Bg2 Bg7 4. Nc3 Nc6 5. d3 Nf6 6. Bg5 O-O 7. Qd2 d6 8. Nf3
Be6 9. Bh6 Qd7 10. Bxg7 Kxg7 11. Ng5 Bf5 12. O-O h6 13. Nf3 1/2-1/2

[Event "2do ITT 54 Aniversario Villa Martelli"]
[Site "Villa Martelli, Bs As"]
[Date "2008.07.20"]
[Round "6"]
[White "Arns, Arthur Bartman"]
[Black "Real de Azua, Ernesto"]
[Result "0-1"]
[WhiteElo "2204"]
[BlackElo "2429"]
[PlyCount "90"]
[EventDate "2008.07.17"]
[SourceDate "2008.07.22"]

1. d4 Nf6 2. g3 e6 3. Bg2 d5 4. Nf3 Be7 5. O-O O-O 6. c4 dxc4 7. Ne5 Nc6 8.
Nxc6 bxc6 9. Qa4 Qxd4 10. Nc3 Nd5 11. Qxc6 Rb8 12. Rd1 Qc5 13. Nxd5 exd5 14.
Qxc5 Bxc5 15. Rxd5 Be7 16. Rd2 Bf6 17. Rc2 Rd8 18. Bf4 Rxb2 19. Rxc4 Rxe2 20.
Rac1 Be6 21. Bxc7 Rd4 22. Rc5 h6 23. Bf1 Rxa2 24. Ba5 Rda4 25. Bc3 Bxc3 26.
R5xc3 Ra1 27. Kg2 Bd5+ 28. Kh3 Rxc1 29. Rxc1 g5 30. Rc2 a5 31. Be2 Ra2 32. Rc8+
Kg7 33. Re8 a4 34. f4 gxf4 35. gxf4 a3 36. Re5 Bb3 37. Ra5 Rxe2 38. Rxa3 Be6+
39. Kg3 Rb2 40. Ra5 Rb3+ 41. Kg2 Kf6 42. Rh5 Kg6 43. Re5 Rd3 44. Rc5 Bd5+ 45.
Kf2 Be4 0-1